| 000 | 00574nam a22001817a 4500 | ||
|---|---|---|---|
| 005 | 20251108170857.0 | ||
| 008 | 250721s1998 xx 000 0 ara d | ||
| 082 | 1 | 4 | _a658.315/آل |
| 100 | 1 | _aآلن، جون | |
| 245 | 1 | 0 | _aكيف تنمي قدرتك على تحفيز الآخرين / |
| 264 | 1 |
_aالرياض : _bبيت الأفكار الدولية، _c1998. |
|
| 300 | _a184ص | ||
| 650 | 1 | 7 | _aالإدارة و التنظيم |
| 650 | 1 | 7 | _aعلاقات العمل |
| 700 | 1 |
_aسلمان، سامي تيسير _eترجمة |
|
| 942 |
_2ddc _cBK |
||
| 999 |
_c51125 _d51125 |
||